कृतार्थ (Record no. 440280)

MARC details
000 -LEADER
fixed length control field 01361nam a2200181Ia 4500
008 - FIXED-LENGTH DATA ELEMENTS--GENERAL INFORMATION
fixed length control field 100122s9999 xx 000 0 und d
082 ## - DEWEY DECIMAL CLASSIFICATION NUMBER
Item number 68700
Classification number 920.054
100 ## - MAIN ENTRY--PERSONAL NAME
Personal name मोने उत्तरा
245 ## - TITLE STATEMENT
Title कृतार्थ
250 ## - EDITION STATEMENT
Edition statement 1
260 ## - PUBLICATION, DISTRIBUTION, ETC. (IMPRINT)
Name of publisher, distributor, etc अविष्कार प्रकाशन
Date of publication, distribution, etc 2004
300 ## - PHYSICAL DESCRIPTION
Extent 152
520 ## - SUMMARY, ETC.
Summary, etc विठ्ठल कामत/विक्रम गोखले/विश्वास पाटील/मेघना पेठे/अरुण नलावडे/सचिन पिळगांवकर/अभय बंग /वीणा पाटील/भूषण गगराणी/अंजली वेदपाठक/संजीव लाटकर/प्रतिमा कुलकर्णी /पद्मजा फेणाणी/म
620 ## -
-- विठ्ठल कामत/विक्रम गोखले/विश्वास पाटील/मेघना पेठे/अरुण नलावडे/सचिन पिळगांवकर/अभय बंग /वीणा पाटील/भूषण गगराणी/अंजली वेदपाठक/संजीव लाटकर/प्रतिमा कुलकर्णी /पद्मजा फेणाणी/म
630 ## - SUBJECT ADDED ENTRY--UNIFORM TITLE
Uniform title कृतार्थ
730 ## - ADDED ENTRY--UNIFORM TITLE
Uniform title कृतार्थ
942 ## - ADDED ENTRY ELEMENTS (KOHA)
Koha item type Book
Holdings
Withdrawn status Lost status Damaged status Not for loan Home library Current library Date acquired Cost, normal purchase price Total Checkouts Full call number Barcode Date last seen Cost, replacement price Price effective from Koha item type Public note
        S.V. Pathak Library, Vile Parle S.V. Pathak Library, Vile Parle 01/21/2006 200.00   68700 SVPPARLE-68700 01/25/2010 200.00 01/25/2010 Book General NA